000 00669nam a2200217Ia 4500
003 GCL
008 140319s9999 xx 000 0 ara d
040 _aGCL /
_cGCL
082 0 4 _a810.9092
_bم ث
100 1 _aمحيى الدين اللاذقانى
245 1 0 _aثلاثية الحلم القرمطى: دراسة فى ادب القرمطة /
_cمحيى الدين اللاذقانى
260 _a[S.N] :
_bمكتبة مدبولى ،
_c1993
300 _a400 ص
490 _a
650 0 4 _aالادب العربى
650 0 4 _aالخوارج
650 0 4 _aالقرامطة
650 0 4 _aالغلاة
650 0 4 _aتاريخ ونقد
942 _2ddc
_cBK
999 _c29453
_d29453